000 00749nam a2200241 i 4500
001 bg
100 1 _aMATRAS, Zbigniew
245 1 0 _aTransport hydrauliczny reologicznie złożonych cieczy nienewtonowskich w przewodach /
_cZbigniew Matras ; Politechnika Krakowska im. Tadeusza Kościuszki.
260 _aKraków :
_bPK,
_c2001.
300 _a295, [1] s. :
_bil. ;
_c24 cm.
500 _aStreszcz. ang.
504 _aBibliogr.
650 9 _aMechanika płynów
_xbadanie
650 9 _aPrzepływ
_xbadanie
710 0 _aPolitechnika Krakowska im. Tadeusza Kościuszki
020 _a8372421854
040 _cBPK
041 0 _apl
_ben
080 _a532
920 _a83-7242-185-4
942 _cKS
008 s pl f |000 0 pol
999 _c40597
_d40597
856 _uhttp://koha.tu.koszalin.pl/cgi-bin/koha/opac-detail.pl?biblionumber=40597
_yKatalog online BPK